| Поле | Инд. | ПП | Название | Значение |
|---|---|---|---|---|
| Тип записи | a | |||
| Библиографический уровень | b | |||
| 001 | Контрольный номер | efae4e23f98c45eb9cfbc782348a5b38 | ||
| 005 | Дата корректировки | 20210908160243.5 | ||
| 024 | 80 | a | Стандартный номер | DOI: 10.1088/0954-3899/21/10/001 |
| 040 | a | Служба первич. каталог. | Scopus | |
| 041 | 0_ | a | Код языка текста | rus |
| 097 | a | Костяева О.Г. | ||
| 100 | 1_ | a | Автор | Zhu S. J. |
| 100 | 1_ | a | Автор | Hamilton J. H. |
| 100 | 1_ | a | Автор | Ter-Akopian G. M. |
| g | Прочие сведения | РИНЦ AuthorID: 23906 (http://elibrary.ru/author_profile.asp?id= 23906); Scopus Author ID: 7006139367 (https://www.scopus.com/authid/detail.uri?authorId=7006139367) | ||
| i | 000091259 | |||
| q | Полное имя | Тер-Акопьян Гурген Мкртычевич | ||
| u | Дополнение | Тер-Акопьян Г. М.; Ter-Akopian Gurgen M. | ||
| 100 | 1_ | q | Полное имя | Оганесян Юрий Цолакович |
| g | Прочие сведения | РИНЦ AuthorID: 21136 (http://elibrary.ru/author_profile.asp?id= 21136); Scopus Author ID: 35401658500 (https://www.scopus.com/authid/detail.uri?authorId=35401658500) | ||
| u | Дополнение | Оганесян Ю. Ц.; Oganessian Yu Ts | ||
| a | Автор | Oganessian Yu. Ts. | ||
| i | 000091251 | |||
| 245 | 10 | a | Заглавие | Identification of 152Ce and unexpected variations in moments of inertia with neutron number and spin in 142-148Ba, 144-152Ce and 146-156Nd |
| 773 | 18 | t | Название источника | Journal of Physics G: Nuclear and Particle Physics |
| d | Место и дата издания | 1995 | ||
| g | Прочая информация | V. 21. - № 10. - P. L75-L81 | ||
| w | Контрольный № источника | ef8e195b47054011a70e823af1bdce48 | ||
| 901 | t | Тип документа | b | |
| 952 | c | Вид литературы | статья в журнале |